000 00537nam a22002051a 4500
001 7532
003 OSt
005 20260204212134.0
008 071207s2003||||mx ||||||b||||||||||spa||
020 _a9702604826
050 _a465 C398r
100 _aChavez Perez, Fidel
245 _aRedacción avanzada: un enfoque linguístico / Fidel Chavez Perez
250 _a3
264 _aMéxico : Pearson Educación
300 _a342 p
500 _aIncluye bibliografía
650 _aRedacción - Gramática EspañolÌ
942 _2ddc
_cBK
999 _c7532
_d7532